Del Estado-nación al Estado cosmopolita /
Este trabajo se propone analizar los cambios en la función de gobernabilidad del Estado-Nación a partir del reconocimiento de las disfuncionalidades ideológicas del nacionalismo, y su transición al Estado neoliberal, basado en un Estado mínimo promovido por las instituciones financieras internaciona...
Saved in:
| Main Author: | |
|---|---|
| Format: | Text |
| Subjects: | |
| Tags: |
Add Tag
No Tags, Be the first to tag this record!
|
MARC
| LEADER | 00000 a a2200000 04500 | ||
|---|---|---|---|
| 001 | 10741 | ||
| 003 | |||
| 040 | |||
| 100 | |a Vargas Hernández, José G. | ||
| 245 | |a Del Estado-nación al Estado cosmopolita / |c José G. Vargas Hernández | ||
| 520 | |a Este trabajo se propone analizar los cambios en la función de gobernabilidad del Estado-Nación a partir del reconocimiento de las disfuncionalidades ideológicas del nacionalismo, y su transición al Estado neoliberal, basado en un Estado mínimo promovido por las instituciones financieras internacionales bajo el proyecto hegemónico del libre mercado, y que ha dado los resultados esperados en términos de justicia e igualdad social. Las nuevas condiciones creadas por los procesos de globalización económica y el crecienyte uso de las tecnologías de la información y la comunicación han potenciado el papel de la sociedad civil en los procesos de gobernabilidad global, empujando a nuevos diseños del Estado en formas caracterizadas como Estado cosmopolita y Estado red. Finalmente se discute la reforma del Estado y se revisa brevemente el contexto latinoamericano | ||
| 650 | |a GOBERNABILIDAD | ||
| 650 | |a ESTADO | ||
| 650 | |a GLOBALIZACION | ||
| 650 | |a NEOLIBERALISMO | ||
| 650 | |a SOCIEDAD CIVIL | ||
| 650 | |a ECONOMIA DE MERCADO | ||
| 773 | |g número 191; páginas 25-37 | ||
| 999 | |c 21822 |d 21822 | ||
